000 00701cab a2200229 4500
001 ABS44600
008 090401t1991 xxu||||| |||| 00| 0 eng d
035 _a(Sirsi) u47950
041 _aeng
100 _aPhipps, M.
245 _aIs there any good reason not to certify on time?
260 _c1991
350 _a0
490 _aBuilding
_v256(7701) 14 June 1991, 32(1)
520 _aExamines the simple rules under which valuation, certification and payment dates are set.
650 _aBUILT ENVIRONMENT-BUILDING CONTRACT FORMS
650 _aCERTIFICATION DATES
650 _aVALUATION DATE
690 _aBUILT ENVIRONMENT-BUILDING CONTRACT FORMS
942 _n0
948 _c04/03/1997
999 _c30149
_d30149